LEADER 01153nam0-22003491i-450- 001 990007844310403321 005 20110711112059.0 010 $a88-243-1176-8 035 $a000784431 035 $aFED01000784431 035 $a(Aleph)000784431FED01 035 $a000784431 100 $a20031212d1996----km-y0itay50------ba 101 0 $aita 102 $aIT 105 $ay---a---001yy 200 1 $a<>munera gladiatoria in Italia$econsiderazioni sulla loro documentazione epigrafica$fMaurizio Fora 210 $aNapoli$cJovene$d1996 215 $a385 p.$d24 cm 225 1 $aIstituto adriatico per la storia del principato fra Adriano e Diocleziano, I.A.S.P.A.D.$v1 610 0 $aSpettacoli gladiatori$aItalia antica$aStudi epigrafici 610 0 $aIscrizioni sportive latine$aItalia 676 $a796.80937$v21 700 1$aFora,$bMaurizio$0280914 801 0$aIT$bUNINA$gRICA$2UNIMARC 901 $aBK 912 $a990007844310403321 952 $aDDR-XXVII B 047.7 (al. es. 1)$b7567 ddr$fDDR$m21-4448 952 $aDDR-XXVII B 047.7$b3147 ddr$fDDR 959 $aDDR 996 $aMunera gladiatoria in Italia$9671812 997 $aUNINA LEADER 00990nam0-2200361---450 001 990009389580403321 005 20200717131639.0 010 $a9781555814816 035 $a000938958 035 $aFED01000938958 035 $a(Aleph)000938958FED01 035 $a000938958 100 $a20110630d2011----km-y0itay50------ba 101 0 $aeng 102 $aUS 105 $aa-------001yy 200 1 $aNitrification$fedited by Bess B. Ward, Daniel J. Arp, Martin G. Klotz 210 $aWashington, D.C.$cASM Press$dc2011 215 $axiv, 445 p.$cill.$d27 cm 610 0 $aConcimi azotati 676 $a572.545$v22$zita 702 1$aWard,$bBess B. 702 1$aArp,$bDaniel J. 702 1$aKlotz,$bMartin G. 801 0$aIT$bUNINA$gRICA$2UNIMARC 901 $aBK 912 $a990009389580403321 952 $a15 IS-N/3-77$b565$fDINID 952 $a60 572.545 WARB 2011$b13172$fFAGBC 959 $aDINID 959 $aFAGBC 996 $aNitrification$9764153 997 $aUNINA